| 000 -LEADER |
| fixed length control field |
00748cam a2200217 i 4500 |
| 003 - CONTROL NUMBER IDENTIFIER |
| control field |
OSt |
| 005 - DATE AND TIME OF LATEST TRANSACTION |
| control field |
20260304130744.0 |
| 008 - FIXED-LENGTH DATA ELEMENTS--GENERAL INFORMATION |
| fixed length control field |
170609s2018 nyuab b 001 0 eng |
| 020 ## - INTERNATIONAL STANDARD BOOK NUMBER |
| International Standard Book Number |
9781138692145 |
| Qualifying information |
pbk. |
| 042 ## - AUTHENTICATION CODE |
| Authentication code |
pcc |
| 050 00 - LIBRARY OF CONGRESS CALL NUMBER |
| Classification number |
NA2543.S6 |
| Item number |
M566 2018 |
| 082 00 - DEWEY DECIMAL CLASSIFICATION NUMBER |
| Classification number |
720.1/03 |
| Edition number |
23 |
| 100 1# - MAIN ENTRY--PERSONAL NAME |
| Personal name |
Mitchell, Maurice, |
| Relator term |
author. |
| 245 10 - TITLE STATEMENT |
| Title |
Loose fit city : |
| Remainder of title |
the contribution of bottum-up architecture to urban design and planning / |
| Statement of responsibility, etc |
Maurice Mitchell and Bo Tang. |
| 300 ## - PHYSICAL DESCRIPTION |
| Extent |
xviii, 234 pages : |
| Other physical details |
illustrations, maps ; |
| Dimensions |
26 cm |
| 504 ## - BIBLIOGRAPHY, ETC. NOTE |
| Bibliography, etc |
Includes bibliographical references (pages 217-222) and index. |
| 650 #0 - SUBJECT ADDED ENTRY--TOPICAL TERM |
| Topical term or geographic name as entry element |
Architecture and society. |
| 650 #0 - SUBJECT ADDED ENTRY--TOPICAL TERM |
| Topical term or geographic name as entry element |
City planning. |
| 700 1# - ADDED ENTRY--PERSONAL NAME |
| Personal name |
Tang, Bo |
| Fuller form of name |
(Bo Ming), |
| Dates associated with a name |
1983- |
| Relator term |
author. |
| 942 ## - ADDED ENTRY ELEMENTS (KOHA) |
| Source of classification or shelving scheme |
|